| 000 | 00335pam a2200133a 44500 | ||
|---|---|---|---|
| 008 | 230405s xxu||||| |||| 00| 0 eng d | ||
| 041 | _aENG | ||
| 100 | _aM.K.RAMPAL | ||
| 245 |
_aELEMENTS OF MANAGEMENT CONTROL SYSTEM _bB.B.A.-IISEM-V |
||
| 260 |
_aPune _bVIKAS PUBLISHING HOUSE _c |
||
| 300 | _a120 | ||
| 690 | _aDONETED | ||
| 906 | _a7613 | ||
| 999 |
_c288424 _d288424 |
||